Haz clic en la provincia argentina (sin fronteras) - ¡Muerte súbita! - Estadísticas

Estadísticas generales
  • Esta prueba ha sido intentada 2.577 veces
  • La puntuación promedio es 7 de 24
Respuestas en el mapa
Las respuestas están codificadas por una escala verde-roja en el mapa de la prueba según el % correcto abajo.
 
Estadísticas de respuestas
Respuesta % Correcto
Tierra del Fuego
41%
Buenos Aires
40%
Formosa
37%
Misiones
36%
Corrientes
35%
Córdoba
32%
Entre Ríos
32%
Jujuy
32%
Santa Cruz
32%
Chubut
31%
Salta
31%
Ciudad de Buenos Aires
29%
Santa Fe
29%
La Pampa
28%
Mendoza
28%
Rio Negro
28%
Santiago del Estero
28%
Chaco
27%
Catamarca
26%
Neuquén
26%
Tucumán
22%
La Rioja
21%
San Juan
21%
San Luis
21%
No se encontraron pruebas coincidentes
Distribución de puntuación
Porcentaje de gente con cada puntuación
Porcentaje por número respondido
Historial de tus puntuaciones
No has intentado esta prueba.